00598 2200205 4500001002100000005001700021008004100038020001800079035002500097040001200122082001600134084001900150245009200169260003400261300003100295650001900326700001700345850001200362990001800374INLIS00000000000714820150806085249.0  a979-3035-21-8 a0010-061500000001269 aYOPDYOG 223a297.246 aKR 297.246 Nab aNABIKU idolakub: Nabi Adam A.S. dan Nabi Idris A.S.c/ Penyusun, Eka Wardhana [et.all] aBandungbPelangi Mizanc[s.a] a63 hlm.b: ilus.c; 27 cm. aNabi dan rasul aEKA Wardhana aYOPDYOG a18169-PD/B.15